书目信息 |
| 题名: |
2005年考研英语听力专向突破
|
|
| 作者: | 白洁 , 赵艳萍 编著 | |
| 分册: | ||
| 出版信息: | 北京 中国人民大学出版社 2004.02 |
|
| 页数: | 251页 | |
| 开本: | 20cm | |
| 丛书名: | ||
| 单 册: | ||
| 中图分类: | H319.9 | |
| 科图分类: | ||
| 主题词: | 英语 | |
| 电子资源: | ||
| ISBN: | 7-300-05347-5 | |
| 000 | 00642nam0 2200205 45 | |
| 001 | 0066416465 | |
| 005 | 2000010418265640 | |
| 010 | @a7-300-05347-5@dCNY 19.80 | |
| 100 | @a20000104d2004 km y0chiy0120 ea | |
| 101 | 0 | @achi |
| 102 | @aCN@b110000 | |
| 200 | 1 | @a2005年考研英语听力专向突破@A2005 Nian Kao Yan Ying Yu Ting Li Zhuan Xiang Tu Po@f白洁,赵艳萍编著@FBai Jie,Zhao Yan Ping Bian Zhu |
| 210 | @a北京@c中国人民大学出版社@d2004.02 | |
| 215 | @a251页@d20cm | |
| 606 | 0 | @a英语 |
| 690 | @aH319.9@v4 | |
| 701 | 0 | @a白洁@ABai Jie@4编著 |
| 701 | 0 | @a赵艳萍@AZhao Yan Ping@4编著 |
| 801 | 0 | @aCN@bPFT@c20000104 |
| 905 | @a安徽大学@dH319.9@eB121 | |
| 2005年考研英语听力专向突破/白洁,赵艳萍编著.-北京:中国人民大学出版社,2004.02 |
| 251页;20cm |
| ISBN 7-300-05347-5:CNY 19.80 |
| ● |
| 相关链接 |
|
|
|
正题名:2005年考研英语听力专向突破
索取号:H319.9/B121
 
预约/预借
| 序号 | 登录号 | 条形码 | 馆藏地/架位号 | 状态 | 备注 |
| 1 | 378228 | 203782282 | 语言库209/209语言库 58排5列2层/ [索取号:H319.9/B121] | 在馆 | |
| 2 | 378229 | 203782291 | 语言库209/209语言库 58排5列2层/ [索取号:H319.9/B121] | 在馆 | |
| 3 | 378230 | 203782308 | 语言库209/209语言库 58排5列2层/ [索取号:H319.9/B121] | 在馆 |